Erdei dal [vers] /

Elmentve itt :
Bibliográfiai részletek
Szerző: Haufs Rolf
További közreműködők: Hajnal Gábor
Dokumentumtípus: Cikk
Megjelent: 1967
Sorozat:Tiszatáj 21 No. 2
Kulcsszavak:Német irodalom - vers
Online Access:http://tiszataj.bibl.u-szeged.hu/4528
LEADER 00579nab a2200193 i 4500
001 tisza4528
005 20200330124056.0
008 170501s1967 hu o 0|| hun d
022 |a 0133-1167 
040 |a SZTE Tiszatáj Archívum  |b hun 
041 |a hun 
100 1 |a Haufs Rolf 
245 1 0 |a Erdei dal   |h [elektronikus dokumentum] :  |b [vers] /  |c  Haufs Rolf 
260 |c 1967 
300 |a 115 
490 0 |a Tiszatáj  |v 21 No. 2 
695 |a Német irodalom - vers 
700 0 1 |a Hajnal Gábor 
856 4 0 |u http://tiszataj.bibl.u-szeged.hu/4528/1/tiszataj_1967_002_115b.pdf  |z Dokumentum-elérés